| 000 | 00649nam a2200229Ia 4500 | ||
|---|---|---|---|
| 003 | 0100 | ||
| 008 | 130307s9999 xx 000 0 und d | ||
| 020 | _a0281057273 | ||
| 040 | _cARRUPELIB | ||
| 050 | _aBS2506.3.C76 2005 | ||
| 100 | _aCrossan, John Dominic | ||
| 245 | _aIn search of Paul | ||
| 245 | _bhow Jesus's apostle opposed Rome's Empire with God's Kingdom - A new vision of Paul's words & world | ||
| 260 | _aLondon | ||
| 260 | _bSPCK | ||
| 260 | _c2005 | ||
| 300 | _a450p. | ||
| 300 | _b24cm | ||
| 650 | _bPaul, James Francis, Fathers - Francis of the Atonement - Christian Union | ||
| 700 | _aReed, Jonathan L | ||
| 942 | 0 | 0 | _01 |
| 999 |
_c99619 _d99619 |
||